00461nam a2200169Ia 450000500170000000800410001702000150005808200130007310000190008624500090010526000350011430000130014965000130016294200060017595200950018199900150027620250121020133.0240331s9999 xx 000 0 und d a9551723035 bHATa920 aHattotuwa, S.  0aSara aSri LankabBay Owl pressc2008 a144 p ., aArticles cL 001040708LaWERCLbWERCLcSSCd2024-03-31l0o 920 HATp6277r2024-03-31w2024-03-31yL c4438d4438